The lazy moon minstrels, (Record no. 18256)
[ view plain ]
| 000 -LEADER | |
|---|---|
| fixed length control field | 00622cam a22002171 4500 |
| 001 - CONTROL NUMBER | |
| control field | ca 36001346 |
| 003 - CONTROL NUMBER IDENTIFIER | |
| control field | DLC |
| 005 - DATE AND TIME OF LATEST TRANSACTION | |
| control field | 20260227111143.0 |
| 008 - FIXED-LENGTH DATA ELEMENTS--GENERAL INFORMATION | |
| fixed length control field | 791211s1934 nyu 000 0 eng |
| 010 ## - LIBRARY OF CONGRESS CONTROL NUMBER | |
| LC control number | ca 36001346 |
| 035 ## - SYSTEM CONTROL NUMBER | |
| System control number | (OCoLC)5782693 |
| 040 ## - CATALOGING SOURCE | |
| Original cataloging agency | DLC |
| Transcribing agency | RPB |
| Modifying agency | DLC |
| 042 ## - AUTHENTICATION CODE | |
| Authentication code | premarc |
| 050 00 - LIBRARY OF CONGRESS CALL NUMBER | |
| Classification number | PN4305.N6 |
| Item number | M25 |
| 082 ## - DEWEY DECIMAL CLASSIFICATION NUMBER | |
| Classification number | 791.1 |
| 100 1# - MAIN ENTRY--PERSONAL NAME | |
| Personal name | McMullen, J. C. |
| Fuller form of name | (Joseph Carl), |
| Dates associated with a name | 1882- |
| 245 14 - TITLE STATEMENT | |
| Title | The lazy moon minstrels, |
| Remainder of title | a complete minstrel show, |
| Statement of responsibility, etc. | by J. C. McMullen. |
| 260 ## - PUBLICATION, DISTRIBUTION, ETC. | |
| Place of publication, distribution, etc. | New York, |
| Name of publisher, distributor, etc. | Fitzgerald Publishing Corporation, |
| Date of publication, distribution, etc. | [c1934]. |
| 300 ## - PHYSICAL DESCRIPTION | |
| Extent | 64 p. |
| Dimensions | 19 cm. |
| 440 #0 - SERIES STATEMENT/ADDED ENTRY--TITLE | |
| Title | Playhouse plays |
No items available.